000 00827nam a2200229 a 4500
999 _c11169
_d11169
001 11169
003 BD-JhCC
005 20221018134024.0
008 190605b20062019bg |||| ||a| 000 0 ben d
035 _a(BD-JhCC)11169
040 _aBD-JhCC
_dBD-JhCC
041 _aben
082 _bBRO 2019
_a813.54
100 _aব্রাউন, ড্যান
245 _aডিসেপশন পয়েন্ট /
_cড্যান ব্রাউন, মোহাম্মদ নাজিম উদ্দিন (অনু)
260 _aঢাকা:
_bবাতিঘর প্রকাশনী;
_c২০১৯.
300 _a৩৪৯ পৃ. :
_c২২ সেমি.
650 _aPolitical fiction
700 _aউদ্দিন, মোহাম্মদ নাজিম
942 _2ddc
_cBK
_014